<?xml version="1.0" encoding="UTF-8"?>
<marc:record xmlns:marc="http://www.loc.gov/MARC21/slim">
   <marc:leader>00000nam a2200000 a 4500</marc:leader>
   <marc:datafield ind1="1" ind2=" " tag="100">
      <marc:subfield code="a">Klein, Horst</marc:subfield>
      <marc:subfield code="4">aut</marc:subfield>
      <marc:subfield code="e">Verfasser/-in</marc:subfield>
   </marc:datafield>
   <marc:datafield ind1=" " ind2=" " tag="653">
      <marc:subfield code="a">Behinderung</marc:subfield>
   </marc:datafield>
   <marc:datafield ind1=" " ind2=" " tag="653">
      <marc:subfield code="a">Beeinträchtigungen</marc:subfield>
   </marc:datafield>
   <marc:datafield ind1=" " ind2=" " tag="653">
      <marc:subfield code="a">Down Syndrom</marc:subfield>
   </marc:datafield>
   <marc:datafield ind1="0" ind2="0" tag="245">
      <marc:subfield code="a">Alle behindert!</marc:subfield>
   </marc:datafield>
   <marc:datafield ind1="0" ind2="0" tag="245">
      <marc:subfield code="b">25 spannende und bekannte Beeinträchtigungen in Wort und Bild</marc:subfield>
   </marc:datafield>
   <marc:datafield ind1=" " ind2="1" tag="264">
      <marc:subfield code="b">Klett Kinderbuch</marc:subfield>
      <marc:subfield code="c">2019</marc:subfield>
   </marc:datafield>
   <marc:datafield ind1="1" ind2=" " tag="520">
      <marc:subfield code="a">Dieses Buch macht Schluss mit dem verschwiemelten Einteilen in „Eingeschränkt“ hier und „Normal“ dort. Es geht um uns alle: Anna hat  Downsyndrom, Mareike ist hochbegabt. Julien ist der größte Angeber im weiten Erdenrund, Max ist Spastiker. Und während Sofie mit dem Rolli zur Eisdiele saust, gönnt Vanessa sich nur einen Gurkenstick, denn sie ist vom Schönheitswahn getrieben. 25 bekannte Beeinträchtigungen inklusive Ihrer eigenen können Sie hier näher kennenlernen.
Für dieses Buch haben uns viele Kinder selbst von ihren Besonderheiten erzählt. So konnte gar kein Dogmatismus aufkommen. Das Ergebnis ist liebenswert authentisch und direkt.</marc:subfield>
   </marc:datafield>
   <marc:datafield ind1=" " ind2=" " tag="020">
      <marc:subfield code="a">9783954702176</marc:subfield>
      <marc:subfield code="9">9783954702176</marc:subfield>
   </marc:datafield>
</marc:record>
